| 000 | 01111cam a2200325 a 4500 | ||
|---|---|---|---|
| 001 | 16226866 | ||
| 003 | OSt | ||
| 005 | 20170105113104.0 | ||
| 008 | 100511s2009 xx a b 001 0 eng | ||
| 010 | _a 2009902793 | ||
| 020 | _a9780982085400 | ||
| 020 | _a0982085400 | ||
| 040 |
_aDLC _cDLC |
||
| 042 | _apcc | ||
| 050 | 0 | 0 |
_aTA1637 _b.G66 2009 |
| 100 | 1 | _aGonzalez, Rafael C. | |
| 245 | 1 | 0 |
_aDigital Image processing using MATLAB / _cRafael C. Gonzalez, Richard E. Woods, Steven L. Eddins. |
| 250 | _a2nd ed. | ||
| 260 |
_a[S.I.] : _bGatesmark Pub., _cc2009. |
||
| 300 |
_axviii, 826 p. : _bill. (some col.) ; _c25 cm. |
||
| 504 | _aIncludes bibliographical references (p. 813-816) and index. | ||
| 630 | 0 | 0 | _aMATLAB. |
| 650 | 0 |
_aImage processing _xDigital techniques. |
|
| 650 | 0 |
_aImage processing _xMathematics. |
|
| 700 | 1 |
_aWoods, Richard E. _q(Richard Eugene), _d1954- |
|
| 700 | 1 |
_aEddins, Steven L., _d1964- |
|
| 906 |
_a7 _bcbc _corigres _d2 _encip _f20 _gy-gencatlg |
||
| 942 |
_2ddc _cBK |
||
| 999 |
_c33218 _d33218 |
||